[Event "22nd Open"]
[Site "Staufer GER"]
[Date "2010.01.05"]
[Round "9"]
[White "Demel,P"]
[Black "Brendel,B"]
[Result "1-0"]
[WhiteElo "2172"]
[BlackElo "2029"]

1.Nf3 Nf6 2.c4 g6 3.Nc3 Bg7 4.e4 d6 5.d4 O-O 6.Be2 e5 7.O-O exd4 8.Nxd4 Re8
9.f3 Nc6 10.Nxc6 bxc6 11.Re1 Rb8 12.Qa4 Nh5 13.Qxa7 Rb6 14.Be3 Rxb2 15.Rac1 Be5
16.g3 Nxg3 17.hxg3 Bxg3 18.Kg2 Bxe1 19.Rxe1 Re5 20.Rh1 c5 21.Qa3 Rb6 22.Qc1 c6
23.Qd2 Rb7 24.Bf4 Rh5 25.Rxh5 gxh5 26.Qxd6 Qh4 27.Bg3 Qh3+ 28.Kf2 Qe6 29.Qd8+ Kg7
30.Qg5+ Qg6 31.Be5+ f6 32.Bxf6+ Kf7 33.e5 Qxg5 34.Bxg5 Rb2 35.Ke3 Rc2 36.Ne4 Ke6
37.f4 Kf5  1-0

[Event "XXXV Open"]
[Site "Seville ESP"]
[Date "2010.01.08"]
[Round "1"]
[White "Franco Ocampos,Z"]
[Black "Gil del Fresno,M"]
[Result "1-0"]
[WhiteElo "2535"]
[BlackElo "1893"]

1.c4 g6 2.e4 d6 3.d4 Nf6 4.Nc3 Bg7 5.Be2 O-O 6.Nf3 e5 7.d5 Nbd7 8.Bg5 a5
9.Nd2 h6 10.Be3 Nxe4 11.Ndxe4 f5 12.Qd2 f4 13.Bg4 Nf6 14.Bxc8 Qxc8 15.O-O Nxe4
16.Nxe4 fxe3 17.Qxe3 h5 18.c5 h4 19.cxd6 cxd6 20.Nxd6 Qd7 21.Ne4 Qxd5 22.Rfd1 Qe6
23.Rd6 Qg4 24.h3 Qf4 25.Rxg6 Qxe3 26.fxe3 Rac8 27.Rd1 Rc2 28.Rd7 Rf7 29.Rxf7 Kxf7
30.Rb6 Re2 31.Rxb7+ Kf8 32.Nd6 Bh6 33.Kf1 Rc2 34.Rb8+ Kg7 35.Nf5+ Kh7 36.Rb7+ Kg6
37.Nxh6 Kxh6 38.Rb5 a4 39.a3 e4 40.Rb4 Kg5 41.Rxe4 Rxb2 42.Rxa4 Rb3 43.Kf2  1-0

[Event "XXXV Open"]
[Site "Seville ESP"]
[Date "2010.01.12"]
[Round "5"]
[White "Komljenovic,D"]
[Black "Matamoros Franco,C"]
[Result "1/2-1/2"]
[WhiteElo "2431"]
[BlackElo "2545"]

1.d4 Nf6 2.c4 g6 3.Nc3 Bg7 4.e4 d6 5.Nf3 O-O 6.Be2 e5 7.dxe5 dxe5 8.Qxd8 Rxd8
9.Bg5 Re8 10.Nd5 Nxd5 11.cxd5 c6 12.Bc4 cxd5 13.Bxd5 Nd7 14.Nd2 Nc5 15.O-O Be6
16.Rac1 Rec8 17.Rfd1 Bxd5 18.exd5 f6 19.Be3 Nd3 20.Rxc8+ Rxc8 21.d6 Rd8 22.Ne4 f5
23.Rxd3 fxe4 24.Rc3 b6 25.Kf1 Bf8 26.Rc7 Rxd6 27.Rxa7 Rd1+ 28.Ke2 Rb1 29.b3 Rb2+
30.Kd1 Bc5 31.Kc1 Re2 32.Kd1 Rb2 33.Kc1 Re2 34.b4 Bxe3+ 35.fxe3 Rxe3 36.Kd2 Rd3+
37.Ke2 b5 38.Ra5 Rc3 39.Kd2 Rd3+ 40.Ke2 Rc3 41.Kd2 Rd3+ 42.Ke2  1/2-1/2

[Event "46th ch-CUB"]
[Site "Ciego de Avila CUB"]
[Date "2010.01.13"]
[Round "1"]
[White "Almeida Quintana,O"]
[Black "Perez Rodriguez,L"]
[Result "1/2-1/2"]
[WhiteElo "2524"]
[BlackElo "2512"]

1.d4 Nf6 2.c4 g6 3.Nc3 Bg7 4.e4 d6 5.Nf3 O-O 6.Be2 e5 7.d5 a5 8.Be3 Na6 9.Nd2 Nd7
10.O-O f5 11.f3 f4 12.Bf2 h5 13.a3 g5 14.b4 Rf6 15.c5 dxc5 16.b5 Nab8 17.Nc4 Bf8
18.b6 Nxb6 19.Nxe5 N8d7 20.Nd3 Rg6 21.e5 c4 22.e6 cxd3 23.Bxd3 Rg7 24.exd7 Nxd7
25.d6  1/2-1/2

[Event "8th Parsvnath Open"]
[Site "New Delhi IND"]
[Date "2010.01.14"]
[Round "1"]
[White "Tolstikh,N"]
[Black "Pradeep,KN"]
[Result "1-0"]
[WhiteElo "2364"]
[BlackElo "1694"]

1.Nf3 Nf6 2.c4 g6 3.Nc3 Bg7 4.e4 d6 5.d4 O-O 6.Be2 Nbd7 7.O-O e5 8.Be3 Ng4
9.Bg5 f6 10.Bh4 Nh6 11.Qc2 exd4 12.Nxd4 Ne5 13.Rad1 Qe8 14.Ndb5 Qf7 15.Nd5 a6
16.Nbxc7 Rb8 17.c5 dxc5 18.Qxc5 f5 19.f4 Nd7 20.Qd6 fxe4 21.Bc4 Kh8 22.Ne3 Nf5
23.Qa3 Nxe3 24.Bxf7 Nxf1  1-0

[Event "XXXV Open"]
[Site "Seville ESP"]
[Date "2010.01.14"]
[Round "7"]
[White "Franco Ocampos,Z"]
[Black "Barrios Munoz,R"]
[Result "1-0"]
[WhiteElo "2535"]
[BlackElo "2152"]

1.c4 Nf6 2.Nc3 g6 3.e4 d6 4.d4 Bg7 5.Nf3 O-O 6.Be2 e5 7.d5 Nbd7 8.Bg5 h6
9.Bh4 a6 10.Nd2 Re8 11.f3 c5 12.a3 Rb8 13.Qc2 Nf8 14.b4 cxb4 15.axb4 b6 16.O-O Qc7
17.Bf2 N8d7 18.Nb3 Bf8 19.Qd2 Nh5 20.g3 f5 21.Bd3 f4 22.g4 Nhf6 23.Be2 g5
24.Rfc1 Qd8 25.Qd1 h5 26.h3 hxg4 27.hxg4 Kg7 28.Na4 Be7 29.c5 bxc5 30.bxc5 Nxc5
31.Naxc5 dxc5 32.Nxc5 Bxg4 33.fxg4 Bxc5 34.Rxc5 Nxe4 35.Rc6 Rh8 36.Qc2 Qxd5
37.Bf3  1-0

[Event "8th Parsvnath Open"]
[Site "New Delhi IND"]
[Date "2010.01.15"]
[Round "3"]
[White "Gutov,A"]
[Black "Shiven,K"]
[Result "0-1"]
[WhiteElo "2444"]
[BlackElo "2291"]

1.d4 Nf6 2.c4 g6 3.Nc3 Bg7 4.e4 d6 5.Nf3 O-O 6.Be2 e5 7.O-O Na6 8.Re1 Qe8
9.Bf1 Bg4 10.d5 Nb4 11.Be2 a5 12.Be3 Na6 13.h3 Bd7 14.Nd2 Qe7 15.Bg5 h6 16.Bh4 Nc5
17.b3 g5 18.Bg3 Nh7 19.f3 f5 20.exf5 Bxf5 21.Nde4 Nxe4 22.fxe4 Bg6 23.Bh5 Qe8
24.Bxg6 Qxg6 25.Qg4 Nf6 26.Qe6+ Kh7 27.Rf1 Rae8 28.Qf5 Nh5 29.Qxg6+ Kxg6
30.Rxf8 Rxf8 31.Kh2 Nxg3 32.Kxg3 h5 33.Re1 Bh6 34.Re2 Rf1 35.Kh2 g4 36.hxg4 h4
37.g3 Rf3 38.Nb5 Rxg3 39.g5 Kxg5 40.Nxc7 Kg4 41.Ne8 Bf4 42.Kh1 Kf3 43.Rh2 h3
44.Rc2 Rg2 45.Rc3+ Kf2  0-1

[Event "ch-POL"]
[Site "Warsaw POL"]
[Date "2010.01.15"]
[Round "7"]
[White "Rutkowski,M"]
[Black "Socko,B"]
[Result "0-1"]
[WhiteElo "2405"]
[BlackElo "2643"]

1.d4 Nf6 2.Nf3 g6 3.c4 Bg7 4.Nc3 d6 5.e4 O-O 6.Be2 e5 7.dxe5 dxe5 8.Qxd8 Rxd8
9.Bg5 Re8 10.Nd5 Nxd5 11.cxd5 c6 12.Bc4 cxd5 13.Bxd5 Nd7 14.Nd2 Nc5 15.Ke2 Be6
16.Rhc1 Rec8 17.Be3 Bxd5 18.exd5 Nd7 19.Ne4 Bf8 20.Bg5 f5 21.Nf6+ Nxf6 22.Bxf6 Bd6
23.f3 Kf7 24.Bg5 Ke8 25.Be3 Kd7 26.Kd3 a6 27.Rxc8 Rxc8 28.g4 Bc5 29.gxf5 gxf5
30.Rg1 Kd6 31.Rg7 Bxe3 32.Kxe3 Rc7 33.Rg5 Rf7 34.f4 Kxd5 35.fxe5 Kxe5 36.Rh5 Rc7
37.Rh6 Rc2 38.Rb6 Rxh2 39.Rxb7 Rh3+ 40.Kf2 Kf4 41.Rb4+ Kg5 42.Rb6 Kg4 43.Rxa6 Rh2+
44.Kf1 f4 45.Ra7 h5 46.Rb7 Kg3 47.Kg1 Rc2 48.Rg7+ Kf3 49.Rh7 h4 50.Rb7 Rc1+
51.Kh2 Ke2 52.Re7+ Kf2 53.a4 Ra1 54.Re4 f3 55.b3 Re1  0-1

[Event "2nd Kirov Memorial Open"]
[Site "Blagoevgrad BUL"]
[Date "2010.01.17"]
[Round "9"]
[White "Argiroudis,S"]
[Black "Bednikova,S"]
[Result "1-0"]
[WhiteElo "2284"]
[BlackElo "2094"]

1.d4 g6 2.c4 Nf6 3.Nf3 Bg7 4.Nc3 O-O 5.e4 d6 6.Be2 e5 7.d5 a5 8.Bg5 h6 9.Bh4 Qe8
10.Nd2 Na6 11.a3 Bd7 12.O-O Nh7 13.Rb1 f5 14.exf5 Bxf5 15.Nde4 Nf6 16.Bxf6 Bxf6
17.b4 axb4 18.axb4 Qe7 19.c5 dxc5 20.Bxa6 Rxa6 21.bxc5 Bxe4 22.Nxe4 b6 23.Qd3 Rfa8
24.d6 cxd6 25.cxb6 Ra5 26.Qc3 Rc5 27.Nxc5 dxc5  1-0

[Event "Open C"]
[Site "Marianske Lazne CZE"]
[Date "2010.01.18"]
[Round "3"]
[White "Hamrakulova,Y"]
[Black "Hastik,S"]
[Result "1-0"]
[WhiteElo "2254"]
[BlackElo "2098"]

1.d4 Nf6 2.c4 g6 3.Nc3 Bg7 4.e4 d6 5.Nf3 O-O 6.Be2 e5 7.O-O Nbd7 8.Re1 Re8
9.Bf1 c6 10.Rb1 Qc7 11.d5 Nb6 12.h3 cxd5 13.Nb5 Qd8 14.cxd5 a6 15.Nc3 Nbd7
16.a4 b6 17.Be3 Nc5 18.Nd2 a5 19.f3 Re7 20.Qc2 Rb7 21.b4 axb4 22.Rxb4 Bd7
23.Nc4 Ne8 24.Reb1 Rab8 25.Bxc5 dxc5 26.R4b3 Bc8 27.Qb2 Nd6 28.Nxd6 Qxd6
29.Ba6 c4 30.Rb4 Bf8 31.Bxb7 Qc5+ 32.Kf1 Rxb7 33.Rb5 Qe3 34.Nd1 Qf4 35.Qc1 Qh2
36.Nf2 Rc7 37.Rxb6 c3 38.d6 Rc5 39.R1b4 Qf4 40.Qxf4 exf4 41.a5  1-0

[Event "IMB1"]
[Site "Marianske Lazne CZE"]
[Date "2010.01.18"]
[Round "3"]
[White "Zier,O"]
[Black "Wieczorek,O"]
[Result "0-1"]
[WhiteElo "2101"]
[BlackElo "2310"]

1.d4 Nf6 2.c4 g6 3.Nc3 Bg7 4.e4 d6 5.Nf3 O-O 6.Be2 e5 7.dxe5 dxe5 8.Qxd8 Rxd8
9.Bg5 Nbd7 10.O-O-O Rf8 11.Nd5 c6 12.Ne7+ Kh8 13.Rd6 Nxe4 14.Nxc8 Ndc5 15.b4 Ne6
16.Rd7 Rfxc8 17.Be3 a5 18.bxa5 Rxa5 19.Kb2 Rca8  0-1

[Event "8th Parsvnath Open"]
[Site "New Delhi IND"]
[Date "2010.01.21"]
[Round "10"]
[White "Tolstikh,N"]
[Black "Lenic,L"]
[Result "0-1"]
[WhiteElo "2364"]
[BlackElo "2595"]

1.Nf3 Nf6 2.c4 g6 3.Nc3 Bg7 4.e4 d6 5.d4 O-O 6.Be2 e5 7.dxe5 dxe5 8.Qxd8 Rxd8
9.Nd5 Ne8 10.Ne7+ Kf8 11.Nxc8 Rxc8 12.Be3 Nc6 13.O-O-O Nf6 14.Nd2 Rd8 15.f3 Nd4
16.Rhe1 c5 17.Nb1 Ng8 18.g4 f6 19.h4 Bh6 20.g5 Bg7 21.Nc3 Ne7 22.f4 f5 23.h5 Kf7
24.Rf1 Nxe2+ 25.Nxe2 fxe4 26.Bxc5 Nf5 27.b3 b6 28.Bg1 Rxd1+ 29.Kxd1 Rd8+
30.Ke1 Rd3 31.c5 bxc5 32.Bxc5 a6 33.hxg6+ Kxg6 34.fxe5 Bxe5 35.Nf4+ Bxf4
36.Rxf4 e3 37.Rg4 Rc3 38.b4 Rc1+ 39.Ke2 Rc2+ 40.Ke1 Rxa2 41.Bb6 Kh5 42.Rc4 Nh4
43.Rxh4+ Kxh4 44.Bxe3 Rb2  0-1

[Event "LX Abto de Verano"]
[Site "Villa Ballester ARG"]
[Date "2010.01.22"]
[Round "2"]
[White "Krysa,L"]
[Black "Caceres Recalde,Fernando"]
[Result "1/2-1/2"]
[WhiteElo "2246"]
[BlackElo "1935"]

1.d4 Nf6 2.c4 g6 3.Nc3 Bg7 4.e4 d6 5.Nf3 O-O 6.Be2 e5 7.O-O Nh5 8.g3 Bh3
9.Re1 exd4 10.Nxd4 Nf6 11.Bg5 Nc6 12.Nxc6 bxc6 13.Qd2 Qe7 14.Qf4 Qe6 15.Bd1 Ng4
16.Bxg4 Qxg4 17.Rac1 Qh5 18.Qh4 Qxh4 19.gxh4 f5 20.b3 Rae8 21.Bd2 Bd4 22.Bh6 Rf7
23.Ne2 Be5 24.exf5 Bxf5 25.Ng3 Rc8 26.Kg2 Bg7 27.Bxg7 Kxg7 28.h5 g5 29.Re3 Rcf8
30.f3 h6 31.Rce1 Bc8 32.h3 Bb7 33.c5 d5 34.Re7 Bc8 35.R1e3 Kf6 36.Rxf7+ Kxf7
37.Ne2 Bd7 38.Kg3 Kf6 39.Nd4 Rb8 40.a3 Rf8 41.f4 Rg8 42.f5 Rg7 43.b4 Rh7
44.a4 a6 45.b5 axb5 46.axb5 cxb5 47.c6 Bc8 48.Re8 Ba6 49.Ra8 Ke5 50.Nf3+ Kxf5
51.Rxa6 Ke4 52.Ra1 Kd3 53.Rb1 Kc4 54.Rc1+ Kb4 55.Nd4 Re7 56.Nf5 Re6 57.Rb1+ Kc4
58.Rc1+ Kb4 59.Kf3 Rf6 60.Kg4 d4 61.Rd1 Kc3 62.Rc1+ Kb4 63.Ne7 Rd6 64.Nf5 Rf6
65.Ne7 Rd6 66.Nf5 Rf6  1/2-1/2

[Event "4th SOP-SMAOK Open"]
[Site "Athens GRE"]
[Date "2010.01.26"]
[Round "3"]
[White "Geroukalis,A"]
[Black "Marianidis,D"]
[Result "1/2-1/2"]
[WhiteElo "1947"]
[BlackElo "1837"]

1.d4 d6 2.c4 g6 3.e4 Bg7 4.Nf3 Nf6 5.Nc3 O-O 6.Be2 e5 7.dxe5 dxe5 8.O-O Qxd1
9.Rxd1 Nbd7 10.Bg5 h6 11.Bh4 c6 12.Rd2 g5 13.Bg3 Nh5 14.Bxe5 Bxe5 15.Nxe5 Nxe5
16.Bxh5 Nxc4 17.Rd4 Be6 18.b3 Ne5 19.Rad1 Kg7 20.Be2 Kf6 21.f3 Ke7 22.Kf2 Rad8
23.Rxd8 Rxd8 24.Rxd8 Kxd8 25.g3 Ng6 26.Ke3 f5 27.f4 gxf4+ 28.gxf4 fxe4 29.Kxe4 Nh4
30.Ke5 Ke7 31.Bh5 b6 32.Ne4 a5 33.Ng3 a4 34.bxa4 Bxa2 35.f5 Bb3 36.f6+ Kf8
37.Ne2 Bd1 38.Kd6 Nf5+ 39.Kxc6 Bxa4+ 40.Kxb6 Bd1 41.Nf4 Bxh5 42.Nxh5 Ne3
43.Kc6 Kf7 44.Kd6 Ng4 45.h3 Nxf6 46.Nf4 Ne4+ 47.Ke5  1/2-1/2

[Event "ch-BUL S/F Women"]
[Site "Plovdiv BUL"]
[Date "2010.01.27"]
[Round "4"]
[White "Vasileva,C"]
[Black "Krumova,A"]
[Result "0-1"]
[WhiteElo "1451"]
[BlackElo "1923"]

1.d4 Nf6 2.c4 g6 3.Nf3 Bg7 4.Nc3 O-O 5.e4 d6 6.Be2 Na6 7.O-O e5 8.Bg5 Qe8
9.d5 Nc5 10.Nd2 a5 11.a4 Nfd7 12.Nb5 Na6 13.Nb3 b6 14.Re1 h6 15.Be3 Nf6 16.f3 Nh5
17.Qd2 Kh7 18.Nc1 Qe7 19.Nd3 f5 20.exf5 gxf5 21.f4 Nf6 22.fxe5 dxe5 23.Qc2 Kh8
24.Bf2 Ne4 25.Bf1 Qg5 26.Be3 f4 27.Bc1 Bf5 28.Nc3 Nxc3 29.bxc3 Nc5 30.Qd1 Ne4
31.Bd2 Qg6 32.Ra2 Bg4 33.Qc1 f3 34.Bxh6 Bxh6 35.Nxe5 Qh7 36.Rxe4 Bxc1 37.Rxg4 Be3+
38.Kh1 fxg2+ 39.Raxg2 Rxf1+ 40.Rg1 Qe4+ 41.Rg2 Rxg1+  0-1

[Event "ch-BUL S/F Men"]
[Site "Plovdiv BUL"]
[Date "2010.01.27"]
[Round "5"]
[White "Georgiev,S"]
[Black "Kolev,At2"]
[Result "0-1"]
[WhiteElo "2167"]
[BlackElo "2017"]

1.Nf3 Nf6 2.d4 g6 3.c4 Bg7 4.Nc3 O-O 5.e4 d6 6.Be2 e5 7.d5 Nh5 8.O-O Nf4
9.Ne1 f5 10.exf5 Nxe2+ 11.Qxe2 gxf5 12.f4 e4 13.Be3 Nd7 14.Rc1 c5 15.a3 Nf6
16.h3 Bd7 17.Bf2 Qe8 18.Bh4 Qg6 19.Nc2 Rae8 20.Kh2 Nh5 21.Qe3 Kh8 22.b4 b6
23.Rb1 Rg8 24.g3 h6 25.bxc5 dxc5 26.Rg1 Kh7 27.Rg2 Bxc3 28.Qxc3 Nxf4 29.Rd2 Nxh3
30.Kxh3 Qg4+ 31.Kh2 f4 32.Rh1 e3  0-1

[Event "8th Gibtelecom Masters"]
[Site "Caleta ENG"]
[Date "2010.01.28"]
[Round "3"]
[White "Hagen,Ande"]
[Black "Maze,S"]
[Result "0-1"]
[WhiteElo "2108"]
[BlackElo "2554"]

1.d4 Nf6 2.c4 g6 3.Nc3 Bg7 4.e4 d6 5.Nf3 O-O 6.Be2 Na6 7.O-O e5 8.d5 c5 9.Ne1 Ne8
10.a3 f5 11.Nd3 Nf6 12.f3 h5 13.Rb1 Bd7 14.b4 b6 15.bxc5 Nxc5 16.Nxc5 bxc5
17.Bd2 f4 18.Rb7 Bc8 19.Rb5 g5 20.Qb1 Bd7 21.Rb7 Qc8 22.Rc1 g4 23.Be1 Nh7
24.Kh1 Bf6 25.Rc2 Kh8 26.Rcb2 Rg8 27.Bf1 h4 28.fxg4 Bxg4 29.h3 Bh5 30.Qd3 f3
31.gxf3 Bg5 32.Nd1 Qf8 33.R7b3 Qf6 34.Nf2 Raf8 35.Ng4 Bxg4 36.hxg4 Bf4 37.Bh3 Bg3
38.Bd2 Ng5 39.Kg2 Rf7 40.Rb1 Rgf8 41.Rf1 Bf4 42.Be1 Nh7 43.Rh1 Rg8 44.Qb1 Bg5
45.Rf1 Nf8 46.Rb7 Ng6 47.Rxf7 Qxf7 48.Qb2 Qc7 49.Bc3 Rb8 50.Qc2 Qb7 51.Qa4 Qb3
52.Qxa7 Nf4+ 53.Kh2 Qc2+ 54.Kh1 Rf8 55.Bxe5+ dxe5 56.Qxc5 Kg8 57.Qc6 Nxh3
58.Qe6+ Kh7 59.Qd7+ Kh6 60.Qd6+ Rf6 61.Qd8 Kg7 62.Qe7+ Rf7 63.Qxe5+ Bf6 64.Qd6 Nf2+
65.Kg1 Bd4  0-1

[Event "8th Gibtelecom Masters"]
[Site "Caleta ENG"]
[Date "2010.01.28"]
[Round "3"]
[White "Lenderman,A"]
[Black "Demac,E"]
[Result "1-0"]
[WhiteElo "2560"]
[BlackElo "2104"]

1.Nf3 Nf6 2.c4 g6 3.Nc3 Bg7 4.e4 O-O 5.d4 d6 6.Be2 e5 7.d5 a5 8.h3 Na6 9.Bg5 Nc5
10.Nd2 h6 11.Be3 b6 12.g4 Nh7 13.h4 f5 14.exf5 gxf5 15.gxf5 Bxf5 16.Nf1 Ne4
17.Nxe4 Bxe4 18.f3 Bg6 19.Qd2 e4 20.h5 Bf5 21.f4 Nf6 22.Rg1 Kh8 23.Bd4 Rf7
24.O-O-O Qd7 25.Ne3 Raf8 26.Rg3 Bh7 27.Rdg1 Qe7 28.Rg6 Rg8 29.Nf5 Qf8 30.Nxg7 Rfxg7
31.f5 Bxg6 32.hxg6 Ne8 33.Qxh6+  1-0

[Event "2nd Chennai Open"]
[Site "Chennai IND"]
[Date "2010.01.28"]
[Round "5"]
[White "Jaiswal,P"]
[Black "Iuldachev,S"]
[Result "0-1"]
[WhiteElo "2259"]
[BlackElo "2519"]

1.d4 Nf6 2.Nf3 g6 3.c4 Bg7 4.Nc3 O-O 5.e4 d6 6.Be2 e5 7.d5 a5 8.h3 Na6 9.Bg5 c6
10.Nd2 Nc5 11.Qc2 a4 12.g4 Bd7 13.Nf1 cxd5 14.exd5 e4 15.Ng3 a3 16.b4 Nd3+
17.Bxd3 exd3 18.Qxd3 Re8+ 19.Kf1 Rc8 20.Nge4 Nxe4 21.Bxd8 Bxc3 22.Rc1 Bb2
23.Re1 Rxc4 24.Kg2 Rd4 25.Qf3 f5 26.Bb6 Rxb4 27.Be3 Rf8 28.gxf5 Rxf5 29.Qd1 Nc3
30.Qc2 Ba4 31.Qxf5 gxf5 32.Bd2 Re4 33.Bxc3 Bxc3 34.Rxe4 fxe4 35.Rc1 Ba5 36.Rc4 b5
37.Rxe4 Bb3  0-1

[Event "2nd Chennai Open"]
[Site "Chennai IND"]
[Date "2010.01.28"]
[Round "5"]
[White "Rajesh,VA"]
[Black "Bharathi,R"]
[Result "1-0"]
[WhiteElo "2321"]
[BlackElo "2105"]

1.d4 Nf6 2.c4 g6 3.Nc3 Bg7 4.e4 d6 5.Nf3 O-O 6.Be2 e5 7.O-O Na6 8.Re1 c6
9.dxe5 dxe5 10.Qxd8 Rxd8 11.a3 Nc5 12.Bg5 Re8 13.Bf1 Bg4 14.Nd2 Rad8 15.b4 Ne6
16.Be3 Nd4 17.Ra2 Bc8 18.f3 Nh5 19.c5 f5 20.Rb2 f4 21.Bf2 Bf8 22.Nc4 Ne6
23.Rc1 Nc7 24.b5 cxb5 25.Nxb5 Nxb5 26.Rxb5 a6 27.Rb6 Ng7 28.Nd6 Bxd6 29.cxd6 g5
30.Rxc8 Rxc8 31.d7  1-0

[Event "2nd Chennai Open"]
[Site "Chennai IND"]
[Date "2010.01.28"]
[Round "5"]
[White "Sundararajan,K"]
[Black "Girinath,P"]
[Result "1-0"]
[WhiteElo "2526"]
[BlackElo "2370"]

1.Nf3 Nf6 2.c4 g6 3.Nc3 Bg7 4.d4 O-O 5.e4 d6 6.Be2 e5 7.Be3 exd4 8.Nxd4 Re8
9.f3 c6 10.Bf2 d5 11.exd5 cxd5 12.O-O Nc6 13.c5 Nh5 14.Qd2 Be5 15.g3 Ng7
16.Rfd1 Be6 17.Nxe6 Nxe6 18.f4 Bxc3 19.bxc3 Qa5 20.Bf3 Rad8 21.Bxd5 Nxc5
22.Qc2 Qa4 23.Qxa4 Nxa4 24.Bxc6 bxc6 25.Rxd8 Rxd8 26.Bd4 c5 27.Be5 Nb2 28.Rb1 Rd1+
29.Rxd1 Nxd1 30.Kf1 f5 31.Ke2 Nb2 32.Bd6 Kf7 33.Bxc5 a6 34.Ke3 Ke6 35.Kd4 Nd1
36.Kc4 Nb2+ 37.Kd4 Nd1 38.a4 Nf2 39.Kc4 Ne4 40.Be3 Kd6 41.Ba7 Nd2+ 42.Kd3 Ne4
43.Kd4 Nd2 44.Kd3 Ne4 45.c4 Ke6 46.g4 Nd6 47.g5 Ne8 48.Kd4 Nd6 49.Kc5 Ne4+
50.Kc6 Nd2 51.c5 Nf3 52.Kb7  1-0

[Event "8th Gibtelecom Masters"]
[Site "Caleta ENG"]
[Date "2010.01.29"]
[Round "4"]
[White "Degtiarev,E"]
[Black "Molina,Ant1"]
[Result "1-0"]
[WhiteElo "2374"]
[BlackElo "2148"]

1.d4 Nf6 2.c4 g6 3.Nc3 Bg7 4.e4 d6 5.Nf3 O-O 6.Be2 e5 7.Be3 h6 8.O-O Ng4
9.Bc1 Nc6 10.d5 Ne7 11.b4 f5 12.Nh4 Nf6 13.exf5 g5 14.Ng6 Nxg6 15.fxg6 Bf5
16.Be3 Bxg6 17.c5 a6 18.Rc1 Qe7 19.cxd6 cxd6 20.Na4 Rac8 21.Qb3 Bf7 22.Nb6 Rc7
23.Rxc7 Qxc7 24.Rc1 Qb8 25.b5 axb5 26.Qxb5 Rd8 27.Bd3 Bf8 28.Bf5 Kg7 29.h4 g4
30.Qc4 h5 31.Qd3 Be7 32.Qd2 Ng8 33.Bg5 Re8 34.Nc8 Bxg5 35.Qxg5+ Kh8 36.Be6 Rf8
37.Bxf7 Rxf7 38.Qxh5+ Rh7 39.Qxg4 Rc7 40.Qh5+ Kg7 41.Qg5+ Kh8 42.Nb6 Rxc1+
43.Qxc1 Qd8 44.Nc4 b5 45.Ne3 Qxh4 46.Qc6 Qb4 47.Qd7 Qe1+ 48.Nf1 Qb4 49.Qf7 Qc4
50.Ne3 Qc1+ 51.Kh2 b4 52.Qh5+ Kg7 53.Qg4+ Kh8 54.Qh4+ Kg7 55.Qxb4 Nf6 56.Qxd6 Qb2
57.Nf5+ Kg6 58.Nh4+ Kg5 59.Nf3+  1-0

[Event "8th Gibtelecom Masters"]
[Site "Caleta ENG"]
[Date "2010.01.29"]
[Round "4"]
[White "Seitz,B"]
[Black "Schoene,Mar"]
[Result "1-0"]
[WhiteElo "2017"]
[BlackElo "2251"]

1.d4 Nf6 2.Nf3 g6 3.c4 Bg7 4.Nc3 O-O 5.e4 d6 6.Be2 e5 7.d5 a5 8.Be3 Ng4 9.Bg5 f6
10.Bh4 h5 11.Nd2 Nh6 12.f3 Nf7 13.a3 Bh6 14.Bf2 f5 15.h4 Bd7 16.b3 c5 17.dxc6 bxc6
18.c5 dxc5 19.Bxc5 Na6 20.Bxa6 Rxa6 21.Bxf8 Qxf8 22.Nc4 Be6 23.Qd3 Bf4 24.Ne2 fxe4
25.fxe4 Qc5 26.Rd1 Ra7 27.Nxf4 exf4 28.Qd4 Qe7 29.Ne5 c5 30.Qb2 Rb7 31.Nxf7 Bxf7
32.O-O Rxb3 33.Qd2 Qxe4 34.Rxf4 Qe3+ 35.Qxe3 Rxe3 36.Rd8+ Re8 37.Rxe8+ Bxe8
38.Rc4 a4 39.Rxc5 Kf7 40.Kf2 Ke6 41.Ke3 Kd6 42.Kd4 Bc6 43.g3 Be8 44.Ra5 Bd7
45.Ra6+  1-0

[Event "8th Gibtelecom Masters"]
[Site "Caleta ENG"]
[Date "2010.01.30"]
[Round "5"]
[White "Naumann,A"]
[Black "Zozulia,A"]
[Result "1/2-1/2"]
[WhiteElo "2258"]
[BlackElo "2321"]

1.c4 g6 2.Nc3 Bg7 3.d4 d6 4.Nf3 Nf6 5.e4 O-O 6.Be2 e5 7.Be3 Nbd7 8.O-O Re8
9.d5 Nc5 10.Nd2 a5 11.b3 Nfd7 12.a3 f5 13.f3 b6 14.b4 Nb7 15.Nb3 f4 16.Bf2 g5
17.Na4 Bf8 18.Qc2 Qe7 19.Rfc1 h5 20.c5 axb4 21.axb4 bxc5 22.bxc5 Ndxc5 23.Nbxc5 Nxc5
24.Nxc5 Rxa1 25.Rxa1 dxc5 26.h3 Qd6 27.Rc1 c6 28.Bxc5 Qxc5+ 29.Qxc5 Bxc5+
30.Rxc5 cxd5 31.exd5 Bd7 32.Rc7 Rd8 33.Bd3 Kf7 34.Be4 Kf6 35.Rb7 g4 36.Rb6+ Kf7
37.hxg4 hxg4 38.fxg4 Bxg4 39.Rg6 Rg8 40.Rh6 Ke7 41.Rb6  1/2-1/2

[Event "8th Gibtelecom Masters"]
[Site "Caleta ENG"]
[Date "2010.01.31"]
[Round "6"]
[White "Fox,P"]
[Black "Schoene,Mar"]
[Result "0-1"]
[WhiteElo "1788"]
[BlackElo "2251"]

1.d4 Nf6 2.c4 g6 3.Nc3 Bg7 4.e4 d6 5.Nf3 O-O 6.Be2 e5 7.d5 Nbd7 8.Be3 Ng4
9.Bd2 a5 10.h3 Ngf6 11.Be3 Nc5 12.Nd2 Bd7 13.g4 a4 14.b4 axb3 15.axb3 Ne8
16.b4 Na6 17.Qb3 f5 18.gxf5 gxf5 19.f3 Bh6 20.Bf2 Ng7 21.c5 Nxc5 22.Rxa8 Nxb3
23.Rxd8 Bxd2+ 24.Kd1 Rxd8 25.Nb5 Bxb5 26.Bxb5 Bxb4 27.Bh4 Ra8 28.Rh2 Ra1+
29.Kc2 Nd4+ 30.Kb2 Bc3+ 31.Kxc3 Nxb5+ 32.Kb2 Rf1 33.Rg2 Kf7  0-1

[Event "8th Gibtelecom Masters"]
[Site "Caleta ENG"]
[Date "2010.01.31"]
[Round "6"]
[White "Duhayon,Y"]
[Black "Lopez Martinez,Josep"]
[Result "0-1"]
[WhiteElo "2241"]
[BlackElo "2593"]

1.d4 Nf6 2.c4 g6 3.Nc3 Bg7 4.e4 d6 5.Nf3 O-O 6.Be2 e5 7.d5 a5 8.Bg5 h6 9.Bh4 Qe8
10.Nd2 Nh7 11.a3 a4 12.Nb5 Qd7 13.f3 f5 14.Bf2 b6 15.Bd3 Nf6 16.Bc2 Nh5 17.g3 Nf6
18.h3 Qf7 19.Nc3 fxe4 20.Ncxe4 Nxe4 21.Bxe4 Bf5 22.Qe2 Nd7 23.g4 Bxe4 24.fxe4 Qe7
25.O-O-O Rf4 26.Be3 Nc5 27.Kb1 Rb8 28.Rhe1 Qd7 29.Bxf4 exf4 30.Nf3 b5 31.e5 b4
32.Ka2 bxa3 33.bxa3 dxe5 34.Nxe5 Qd6 35.Nd3 f3  0-1

[Event "8th Gibtelecom Masters"]
[Site "Caleta ENG"]
[Date "2010.01.31"]
[Round "6"]
[White "Avalos Parra,J"]
[Black "Valhondo Morales,R"]
[Result "1-0"]
[WhiteElo "2245"]
[BlackElo "1762"]

1.d4 Nf6 2.Nf3 g6 3.c4 Bg7 4.Nc3 O-O 5.e4 d6 6.Be2 e5 7.Be3 h6 8.h3 Nc6 9.d5 Ne7
10.Nd2 Ne8 11.Qc2 f5 12.f3 f4 13.Bf2 a6 14.c5 g5 15.Nc4 Rf7 16.O-O-O Bf8
17.cxd6 cxd6 18.Bb6 Nc7 19.Nxe5 dxe5 20.d6 Nc6 21.dxc7 Qf6 22.Bc4 Nb4 23.Qb3 Qxb6
24.Bxf7+ Kg7 25.Kb1 Qxc7 26.Be6 Nc6 27.Ne2 Bc5 28.h4 a5 29.Bxc8 Qxc8 30.hxg5 hxg5
31.Rh7+  1-0

[Event "2nd Chennai Open"]
[Site "Chennai IND"]
[Date "2010.01.31"]
[Round "8"]
[White "Jumabayev,R"]
[Black "Ramnath,B"]
[Result "1-0"]
[WhiteElo "2536"]
[BlackElo "2382"]

1.Nf3 Nf6 2.c4 g6 3.d4 Bg7 4.Nc3 O-O 5.e4 d6 6.Be2 e5 7.O-O Na6 8.Be3 h6
9.Rb1 Ng4 10.Bc1 c6 11.h3 exd4 12.Nxd4 Nf6 13.f4 Re8 14.Bf3 Nc5 15.Re1 a5
16.b3 Qb6 17.Be3 Nfxe4 18.Nxe4 Nxe4 19.Ne6 c5 20.Nxg7 Kxg7 21.Bc1 f5 22.Bb2+ Kh7
23.Qd3 Qc7 24.Rbd1 Bd7 25.Bxe4 Rxe4 26.Rxe4 fxe4 27.Qc3 Rg8 28.Qf6 Be8 29.Rxd6 Bf7
30.Rd8 Be8 31.Be5  1-0

[Event "2nd Chennai Open"]
[Site "Chennai IND"]
[Date "2010.02.01"]
[Round "9"]
[White "Sundararajan,K"]
[Black "Rathnakaran,K"]
[Result "1/2-1/2"]
[WhiteElo "2526"]
[BlackElo "2402"]

1.d4 Nf6 2.Nf3 g6 3.c4 Bg7 4.Nc3 O-O 5.e4 d6 6.Be2 e5 7.Be3 Ng4 8.Bg5 f6
9.Bh4 Nc6 10.d5 Ne7 11.Nd2 Nh6 12.f3 c5 13.Rb1 Nf7 14.b4 b6 15.O-O f5 16.bxc5 bxc5
17.Qa4 g5 18.Bf2 f4 19.Nb3 Ng6 20.Qa5 Qf6 21.Qc7 h5 22.Qc6 g4 23.Qxa8 g3
24.hxg3 fxg3 25.Bxg3 Qg5 26.Kf2 Nh6 27.Qxa7 h4 28.Bh2 Ng4+ 29.Kg1 Nxh2 30.Kxh2 Nf4
31.Rg1 Qg3+ 32.Kh1 Bh6 33.Nd2 Nh5 34.Nf1 Qf4 35.g4 hxg3 36.Rxg3+ Nxg3+ 37.Nxg3 Qh4+
38.Kg2 Qh3+ 39.Kf2 Qh2+ 40.Ke1 Qxg3+ 41.Kd1 Qg5 42.Kc2 Rf7 43.Qa8 Qd2+  1/2-1/2

[Event "ch-ROU w"]
[Site "Baile Olanesti ROU"]
[Date "2010.02.02"]
[Round "3"]
[White "Cosman,A"]
[Black "Bogdan,El"]
[Result "1-0"]
[WhiteElo "1468"]
[BlackElo "1952"]

1.d4 Nf6 2.c4 g6 3.Nc3 Bg7 4.e4 d6 5.Be2 O-O 6.Nf3 Nbd7 7.O-O e5 8.d5 Nc5
9.Qc2 a5 10.Be3 b6 11.a3 Ng4 12.Bxc5 bxc5 13.h3 Nh6 14.Rab1 f5 15.Bd3 fxe4
16.Bxe4 Nf5 17.b4 Nd4 18.Nxd4 cxd4 19.Ne2 Qg5 20.Ng3 axb4 21.axb4 Rf4 22.c5 Qe7
23.Rbc1 Ba6 24.Rfd1 Rf7 25.Ra1 Qf8 26.Ra3 Bb7 27.Rda1 Bh6 28.Bf3 Rxa3 29.Rxa3 Bc8
30.Ra8 dxc5 31.bxc5 Rd7 32.d6 Rd8 33.Qc4+ Kh8 34.dxc7 Re8 35.Ne4 Be6 36.Rxe8 Qxe8
37.Nd6 Bxc4 38.Nxe8 Ba6 39.Nd6 Bf8 40.Nb7  1-0

[Event "ch-ROU m"]
[Site "Baile Olanesti ROU"]
[Date "2010.02.02"]
[Round "4"]
[White "Russu,E"]
[Black "Damian,P"]
[Result "1/2-1/2"]
[WhiteElo "2202"]
[BlackElo "1997"]

1.d4 d6 2.Nf3 Nf6 3.c4 g6 4.Nc3 Bg7 5.e4 O-O 6.Be2 e5 7.dxe5 dxe5 8.Qxd8 Rxd8
9.Bg5 c6 10.O-O Nbd7 11.Rad1 Re8 12.Nd2 Nc5 13.Be3 Ne6 14.c5 Nd4 15.f3 Nxe2+
16.Nxe2 Be6 17.b3 Red8 18.Nb1 Bf8 19.Nbc3 Nd7 20.Na4 Be7 21.Nec3 Rab8 22.Rf2 b5
23.cxb6 axb6 24.Rfd2 b5 25.Nc5 Nxc5 26.Rxd8+ Rxd8 27.Rxd8+ Bxd8 28.Bxc5 Bc7
29.Kf2 f5 30.Ke3 Kf7 31.b4 Bc4 32.a4 bxa4 33.Nxa4 Ke6 34.Nc3 Bd8 35.g3 f4+
36.Kf2 h5 37.Kg2 fxg3 38.hxg3 Bg5 39.Kf2 Bc1 40.Nd1 g5 41.Be3 Ba3 42.Bd2 c5  1/2-1/2